J. Cole songs - Statistics

General Stats
  • This quiz has been taken 20 times
  • The average score is 46 of 161
Answer Stats
Project Song % Correct
2014 Forest Hills Drive No Role Modelz
94%
4 Your Eyez Only 4 Your Eyez Only
83%
2014 Forest Hills Drive Wet Dreamz
83%
The Off-Season a m a r i
78%
2014 Forest Hills Drive Apparently
72%
2014 Forest Hills Drive G.O.M.D
72%
2014 Forest Hills Drive | Cole World: The Sideline Story | KOD | The Come Up Mixtape Vol. 1 Intro
72%
2014 Forest Hills Drive January 28th
72%
KOD Kevin's Heart
72%
2014 Forest Hills Drive Love Yourz
72%
Cole World: The Sideline Story Work Out
72%
2014 Forest Hills Drive Fire Squad
67%
The Off-Season m y . l i f e
67%
The Off-Season 9 5 . s o u t h
61%
4 Your Eyez Only Change
61%
4 Your Eyez Only Foldin Clothes
61%
Cole World: The Sideline Story Interlude
61%
The Off-Season i n t e r l u d e
61%
KOD KOD
61%
Born Sinner Power Trip
61%
Might Delete Later Trae The Truth in Ibiza
61%
2014 Forest Hills Drive A Tale Of 2 Citiez
56%
Born Sinner Born Sinner
56%
4 Your Eyez Only Neighbors
56%
4 Your Eyez Only Ville Mentality
56%
Born Sinner Forbidden Fruit
50%
2014 Forest Hills Drive Hello
50%
The Off-Season h u n g e r . o n . h i l l s i d e
50%
4 Your Eyez Only Immortal
50%
The Off-Season l e t . g o . m y . h a n d
50%
4 Your Eyez Only She's Mine Pt. 1
50%
4 Your Eyez Only She's Mine Pt. 2
50%
Cole World: The Sideline Story Sideline Story
50%
2014 Forest Hills Drive St. Tropez
50%
2014 Forest Hills Drive 03' Adolescence
44%
KOD 1985 - Intro to "The Fall Off"
44%
4 Your Eyez Only Deja Vu
44%
4 Your Eyez Only For Whom The Bell Tolls
44%
2014 Forest Hills Drive Note To Self
44%
The Off-Season p r i d e . i s . t h e . d e v i l
44%
Friday Night Lights Villematic
44%
Born Sinner Villuminati
44%
KOD ATM
39%
Born Sinner Crooked Smile
39%
Might Delete Later Huntin' Wabbitz
39%
Born Sinner Land Of The Snakes
39%
Cole World: The Sideline Story | The Warm Up Lights Please
39%
Born Sinner She Knows
39%
The Off-Season 1 0 0 . m i l '
33%
The Off-Season a p p l y i n g . p r e s s u r e
33%
2014 Forest Hills Drive Die Together
33%
Might Delete Later Fever
33%
Might Delete Later H.Y.B.
33%
Born Sinner Let Nas Down
33%
KOD Photograph
33%
Might Delete Later Pi
33%
2014 Forest Hills Drive Black Man in Hollywood
28%
KOD BRACKETS
28%
Cole World: The Sideline Story Can't Get Enough
28%
Might Delete Later Crocodile Tearz
28%
Cole World: The Sideline Story | Friday Night Lights In The Morning
28%
2014 Forest Hills Drive Keep Heaven Dancing
28%
Cole World: The Sideline Story Mr. Nice Watch
28%
Cole World: The Sideline Story Nobody's Perfect
28%
The Off-Season p u n c h i n ' . t h e . c l o c k
28%
Cole World: The Sideline Story Rise and Shine
28%
Born Sinner Runaway
28%
The Come Up Mixtape Vol. 1 Simba
28%
Friday Night Lights Too Deep for the Intro
28%
2014 Forest Hills Drive Winter Wonderland
28%
Born Sinner Chaining Day
22%
The Off-Season c l o s e
22%
Cole World: The Sideline Story Cole World
22%
The Come Up Mixtape Vol. 1 Dollar And A Dream
22%
The Warm Up Grown Simba
22%
2014 Forest Hills Drive Home Soon
22%
Cole World: The Sideline Story Lost Ones
22%
Born Sinner Niggaz Know
22%
2014 Forest Hills Drive Obviously
22%
Might Delete Later Ready '24
22%
Born Sinner Sparks Will Fly
22%
Might Delete Later Stealth Mode
22%
The Off-Season t h e . c l i m b . b a c k
22%
The Come Up Mixtape Vol. 1 The Come Up
22%
KOD Window Pain - Outro
22%
Might Delete Later 3001
17%
Cole World: The Sideline Story Breakdown
17%
The Come Up Mixtape Vol. 1 Can't Cry
17%
The Come Up Mixtape Vol. 1 Carolina On My Mind
17%
The Come Up Mixtape Vol. 1 College Boy
17%
The Warm Up Dollar And A Dream II
17%
Cole World: The Sideline Story Dollar And A Dream III
17%
Friday Night Lights Friday Night Lights
17%
KOD FRIENDS
17%
Friday Night Lights Higher
17%
Born Sinner Is She Gon Pop
17%
2014 Forest Hills Drive Judgement Day
17%
Born Sinner Kerney Sermon - Skit
17%
The Warm Up Last Call
17%
2014 Forest Hills Drive Miles
17%
Born Sinner New York Times
17%
KOD Once an Addict - Interlude
17%
Might Delete Later Pricey
17%
Born Sinner Rich Niggaz
17%
Born Sinner Trouble
17%
Born Sinner Ain't That Some Shit - Interlude
11%
Friday Night Lights Blow Up
11%
The Come Up Mixtape Vol. 1 Dead Presidents
11%
Friday Night Lights Farewell
11%
Cole World: The Sideline Story God's Gift
11%
The Come Up Mixtape Vol. 1 Homecoming
11%
Friday Night Lights Home for the Holidays
11%
The Warm Up I Get Up
11%
The Warm Up Losing My Balance
11%
Born Sinner Miss America
11%
Born Sinner Mo Money - Interlude
11%
KOD Motiv8
11%
The Come Up Mixtape Vol. 1 School Daze
11%
Might Delete Later Stickz N Stonez
11%
Friday Night Lights The Autograph
11%
KOD The Cut Off
11%
The Warm Up Welcome
11%
Born Sinner Where's Jermaine? - Skit
11%
Friday Night Lights You Got It
11%
Friday Night Lights Back to the Topic
6%
Friday Night Lights Best Friend
6%
Friday Night Lights Cost Me a Lot
6%
The Warm Up Dead Presidents II
6%
The Warm Up Dreams
6%
Friday Night Lights Enchanted
6%
The Warm Up Get Away
6%
The Come Up Mixtape Vol. 1 I'm The Man
6%
The Warm Up Knock Knock
6%
The Warm Up Ladies
6%
Friday Night Lights Love Me Not
6%
Cole World: The Sideline Story Never Told
6%
The Come Up Mixtape Vol. 1 Quote Me
6%
The Come Up Mixtape Vol. 1 Rags To Riches (At The Beep)
6%
The Warm Up Royal Flush
6%
Friday Night Lights See World
6%
The Warm Up The Badness
6%
The Warm Up Til' Infinity
6%
Friday Night Lights 2Face
0%
Friday Night Lights Before I'm Gone
0%
The Warm Up Can I Live
0%
The Come Up Mixtape Vol. 1 Goin' Off
0%
The Warm Up Heartache
0%
The Warm Up Hold It Down
0%
The Warm Up Intro (The Warm Up)
0%
The Warm Up Just To Get By
0%
The Come Up Mixtape Vol. 1 Lil' Ghetto Nigga
0%
The Come Up Mixtape Vol. 1 Plain
0%
Friday Night Lights Premeditated Murder
0%
The Come Up Mixtape Vol. 1 Split You Up
0%
The Warm Up Water Break (Interlude)
0%
The Warm Up World Is Empty
0%
No matching quizzes found
Score Distribution
Percent of People with Each Score
Percentile by Number Answered
Your Score History
You have not taken this quiz